000 00696nam a2200217Ia 4500
003 GCL
008 140319s9999 xx 000 0 ara d
040 _aGCL /
_cGCL
082 0 4 _a801.95
_bف ت
100 1 _aمحيى الدين صبحى
245 1 0 _aتشريح النقد /
_cمحيى الدين صبحى
700 1 _aفراى، نورثروب
250 _aالثانية
260 _aسوريا :
_bوزارة الثقافة ،
_c2005
300 _a500 ص ؛
_c24 سم
490 _aنظرية الادب
_v1
650 0 4 _aالادب - تاريخ ونقد
650 0 4 _aالادب - النقد البلاغى
650 0 4 _aالادب - النقد البدائى
942 _2ddc
_cBK
999 _c9914
_d9914